[Event "Prague International Open"]
[Site "Prague CZE"]
[Date "2019.03.12"]
[Round "5.15"]
[White "Docekal, Jan"]
[Black "Salimova, Nurgyul"]
[Result "0-1"]
[BlackTitle "FM"]
[WhiteElo "2269"]
[BlackElo "2414"]
[WhiteFideId "320625"]
[BlackFideId "2915138"]
[EventDate "2019.03.09"]

1. e4 c5 2. Nf3 Nc6 3. d4 cxd4 4. Nxd4 g6 5. c4 Bg7 6. Be3 Nf6 7. Nc3 O-O 8. Be2
d6 9. O-O Bd7 10. f3 Nxd4 11. Bxd4 Bc6 12. Qd2 a5 13. b3 Nd7 14. Be3 Nc5 15.
Rab1 e6 16. Rfd1 Be5 17. Nb5 Qh4 18. g3 Bxg3 19. hxg3 Qxg3+ 20. Kf1 Nxe4 21.
fxe4 f5 22. Nd4 fxe4+ 23. Bf3 Rxf3+ 24. Nxf3 Rf8 25. Qg2 Rxf3+ 26. Kg1 Rxe3 27.
Qxg3 Rxg3+ 28. Kf2 Rf3+ 29. Ke2 d5 30. a3 h5 31. cxd5 exd5 32. b4 Bb5+ 33. Kd2
a4 34. Rg1 Kh7 35. Rg5 e3+ 36. Kc3 Bc4 37. Rbg1 e2+ 38. Kd4 Rf6 39. b5 b6 40.
R5g3 Rf1 41. Rxg6 Rd1+ 42. Kc3 e1=Q+ 43. Rxe1 Rd3+ 44. Kb4 Rb3+ 45. Kxa4 Kxg6
46. Re6+ Kg5 47. Re5+ Kf4 48. Rxh5 Ke3 49. Re5+ Kf2 50. Rh5 Rf3 51. Rh6 d4 52.
Rxb6 d3 53. Rd6 Ke2 54. Kb4 Rf4 55. b6 Ba6+ 56. Kc3 Rc4+ 57. Kb3 Rc8 58. Re6+
Kd1 59. Kb2 d2 60. a4 Rc2+ 61. Kb1 Bd3 62. Re3 Rc6+ 63. Rxd3 Rxb6+ 64. Ka2 Kc2
65. Rd5 Rb2+ 66. Ka1 Rb1+ 67. Ka2 d1=Q 68. Rc5+ Kd3 69. Rd5+ Kc4 0-1

[Event "Prague International Open"]
[Site "Prague CZE"]
[Date "2019.03.12"]
[Round "5.16"]
[White "Akash, G"]
[Black "Gajic, Mladen"]
[Result "1/2-1/2"]
[WhiteTitle "IM"]
[BlackTitle "FM"]
[WhiteElo "2411"]
[BlackElo "2322"]
[WhiteFideId "5040299"]
[BlackFideId "1709178"]
[EventDate "2019.03.09"]

1. e4 g6 2. d4 Bg7 3. Nc3 d6 4. f4 Nf6 5. Nf3 O-O 6. Bd3 Nc6 7. e5 dxe5 8. fxe5
Nh5 9. Be3 Bg4 10. Be2 f6 11. d5 Nxe5 12. Nxe5 Bxe2 13. Qxe2 fxe5 14. O-O-O Qd7
15. Qb5 c6 16. dxc6 Qxc6 17. Qxc6 bxc6 18. Rd7 Nf6 19. Rxa7 Nd5 20. Rxa8 Rxa8
21. Nxd5 cxd5 22. Kb1 Kf7 23. c3 Ke6 24. Rd1 Kf5 25. Bc5 e6 26. b4 Ke4 27. Kb2
d4 28. Kb3 Ke3 29. b5 Ke2 30. Rb1 d3 31. b6 Bf8 32. Bxf8 Rxf8 33. a4 1/2-1/2

[Event "Prague International Open"]
[Site "Prague CZE"]
[Date "2019.03.12"]
[Round "5.17"]
[White "Plischki, Sebastian"]
[Black "Martynyuk, Elizaveta"]
[Result "1-0"]
[WhiteTitle "IM"]
[BlackTitle "FM"]
[WhiteElo "2397"]
[BlackElo "2160"]
[WhiteFideId "4637143"]
[BlackFideId "24128511"]
[EventDate "2019.03.09"]

1. d4 d5 2. c4 c6 3. cxd5 cxd5 4. Bf4 Nc6 5. e3 Nf6 6. Nc3 Bf5 7. Qb3 Na5 8.
Qa4+ Bd7 9. Qd1 Qb6 10. Rb1 g6 11. Nf3 Bg7 12. Ne5 Bf5 13. Bb5+ Nc6 14. Rc1 O-O
15. Bxc6 bxc6 16. O-O Qxb2 17. Nxc6 Qb7 18. Na4 Rfc8 19. Qb3 Qxb3 20. axb3 Kf8
21. f3 Bd3 22. Rfd1 Be2 23. Rd2 Bb5 24. Rdc2 Nh5 25. Bg5 f6 26. Bh4 Bh6 27. Kf2
Nf4 28. exf4 Bxf4 29. Nxe7 Rxc2+ 30. Rxc2 Kxe7 31. Nc3 Bd3 32. Nxd5+ Kd6 33. Rc5
Bxh2 34. Bxf6 Rb8 35. b4 Rb5 36. Rxb5 Bxb5 37. Nc3 Bd7 38. g3 Bh3 39. Be5+ Ke6
40. Bb8 a6 41. d5+ Kd7 42. Ne4 h6 43. Nc5+ Kc8 44. Be5 h5 45. f4 Bf1 46. Kxf1
Bxg3 47. Kg2 Bh4 48. Nxa6 Kb7 49. Nc5+ Kb6 50. Ne4 Kb5 51. Bf6 Be1 52. Nc3+ 1-0

[Event "Prague International Open"]
[Site "Prague CZE"]
[Date "2019.03.12"]
[Round "5.18"]
[White "Svanda, Ondrej"]
[Black "Sedlak, Nikola"]
[Result "0-1"]
[WhiteTitle "FM"]
[BlackTitle "GM"]
[WhiteElo "2298"]
[BlackElo "2605"]
[WhiteFideId "359670"]
[BlackFideId "922900"]
[EventDate "2019.03.09"]

1. c4 c6 2. Nf3 d5 3. e3 Nf6 4. b3 Bf5 5. Bb2 e6 6. Be2 h6 7. O-O Nbd7 8. a3 Bd6
9. cxd5 cxd5 10. d4 O-O 11. Ne5 Qb8 12. f4 Bxe5 13. fxe5 Ne4 14. Nd2 Qd8 15.
Nxe4 Bxe4 16. Bf3 Bxf3 17. Qxf3 Qb6 18. a4 f5 19. Qd1 Rac8 20. Qd3 Rc6 21. Rac1
Qb4 22. Rc3 Rfc8 23. Rfc1 a6 24. h3 Nb8 25. Rxc6 Nxc6 26. Qc3 Qe7 27. Kh2 Qh4
28. Rf1 Ne7 29. Qd3 Qe4 30. Qxe4 dxe4 31. Rc1 Rxc1 32. Bxc1 Kf7 33. Kg1 h5 34.
h4 Nc6 35. Bd2 f4 36. Kf2 Kg6 37. b4 fxe3+ 38. Kxe3 Kf5 39. b5 axb5 40. axb5 Ne7
41. g3 Nd5+ 42. Kf2 Nc7 43. b6 Nd5 44. Ba5 Kg4 0-1

[Event "Prague International Open"]
[Site "Prague CZE"]
[Date "2019.03.12"]
[Round "5.19"]
[White "Rodshtein, Tereza"]
[Black "Demuth, Adrien"]
[Result "1/2-1/2"]
[WhiteTitle "WGM"]
[BlackTitle "GM"]
[WhiteElo "2254"]
[BlackElo "2510"]
[WhiteFideId "325449"]
[BlackFideId "642274"]
[EventDate "2019.03.09"]

1. e4 e5 2. Nf3 Nc6 3. Bc4 Nf6 4. d3 Be7 5. O-O O-O 6. c3 d5 7. exd5 Nxd5 8.
Nbd2 Nb6 9. Bb5 f6 10. Nc4 Nxc4 11. Bxc4+ Kh8 12. d4 exd4 13. Nxd4 Nxd4 14. Qxd4
Qxd4 15. cxd4 Bd6 16. Be3 Re8 17. Rac1 Be6 18. Bxe6 Rxe6 19. d5 Re7 20. g3 Kg8
21. Rfd1 Kf7 22. Bc5 Bxc5 23. Rxc5 Rd8 24. Rd3 a6 25. Kg2 Ke8 26. Rdc3 Rdd7 27.
Rb3 b6 28. Rxc7 Rxc7 29. d6 Rc6 30. dxe7 Kxe7 1/2-1/2

[Event "Prague International Open"]
[Site "Prague CZE"]
[Date "2019.03.12"]
[Round "5.20"]
[White "Kashlinskaya, Alina"]
[Black "Jedlicka, Ales"]
[Result "1-0"]
[WhiteTitle "IM"]
[BlackTitle "FM"]
[WhiteElo "2470"]
[BlackElo "2238"]
[WhiteFideId "4198026"]
[BlackFideId "304824"]
[EventDate "2019.03.09"]

1. d4 Nf6 2. c4 g6 3. g3 Bg7 4. Bg2 O-O 5. Nf3 d6 6. Nc3 Nc6 7. O-O a6 8. h3 Bd7
9. e4 e5 10. d5 Nd4 11. Nxd4 exd4 12. Qxd4 Qc8 13. h4 Ng4 14. Qd1 b5 15. c5 dxc5
16. Bf4 Ne5 17. Qc2 c4 18. Bxe5 Bxe5 19. f4 Bxc3 20. Qxc3 Bh3 21. f5 Bxg2 22.
Kxg2 Qd8 23. Rad1 f6 24. fxg6 hxg6 25. h5 Qe7 26. Rde1 Rae8 27. hxg6 Qe5 28. Qd2
Qg5 29. Qxg5 fxg5 30. Rxf8+ Kxf8 31. Kf3 Kg7 32. e5 Kxg6 33. Ke4 Rf8 34. Kd4 Re8
35. Rf1 Kg7 36. e6 Kg6 37. Ke5 a5 38. Rf6+ Kh5 39. Rf7 1-0

[Event "Prague International Open"]
[Site "Prague CZE"]
[Date "2019.03.12"]
[Round "5.28"]
[White "Skomorokhin, Roman"]
[Black "Lacrosse, Marc"]
[Result "1-0"]
[WhiteTitle "IM"]
[BlackTitle "FM"]
[WhiteElo "2323"]
[BlackElo "2182"]
[WhiteFideId "4112610"]
[BlackFideId "200921"]
[EventDate "2019.03.09"]

1. Nf3 d5 2. e3 Nf6 3. c4 e6 4. b3 Nbd7 5. Bb2 Bd6 6. Nc3 a6 7. Qc2 O-O 8. Rg1
b6 9. g4 Bb7 10. g5 Ne4 11. cxd5 exd5 12. Nxe4 dxe4 13. Qc3 f6 14. gxf6 Nxf6 15.
Bc4+ Kh8 16. Ng5 Qe7 17. Ne6 Bb4 18. Qe5 Rae8 19. Qg5 1-0

[Event "Prague International Open"]
[Site "Prague CZE"]
[Date "2019.03.12"]
[Round "5.39"]
[White "Meszaros, Ludek"]
[Black "Chittka, Julius"]
[Result "0-1"]
[WhiteElo "2111"]
[BlackElo "2288"]
[WhiteFideId "308153"]
[BlackFideId "12954772"]
[EventDate "2019.03.09"]

1. e4 c5 2. Nf3 Nc6 3. Bb5 g6 4. O-O Bg7 5. Re1 e5 6. c3 Nge7 7. d4 cxd4 8. cxd4
Nxd4 9. Nxd4 exd4 10. Bg5 h6 11. Bh4 O-O 12. Nd2 g5 13. Bg3 d6 14. h4 Ng6 15. h5
Ne5 16. Nb3 Qb6 17. Be2 Bd7 18. Nxd4 Qxb2 19. Rb1 Qxa2 20. Rxb7 Rfb8 21. Rxd7
Nxd7 22. Nf5 Rd8 23. Nxg7 Kxg7 24. Bxd6 Nf6 25. Qd4 Rxd6 26. Qxd6 Nxe4 27. Qc6
Qd2 28. Kf1 Qd4 0-1

[Event "Prague International Open"]
[Site "Prague CZE"]
[Date "2019.03.12"]
[Round "5.44"]
[White "Slampa, Jan"]
[Black "Ziogas, Modestas"]
[Result "1-0"]
[WhiteElo "2255"]
[BlackElo "2092"]
[WhiteFideId "332330"]
[BlackFideId "12803740"]
[EventDate "2019.03.09"]

1. d4 Nf6 2. c4 g6 3. Nc3 Bg7 4. e4 d6 5. f3 c6 6. Be3 O-O 7. Qd2 e5 8. d5 cxd5
9. cxd5 Nbd7 10. g4 Nc5 11. O-O-O Qa5 12. h4 Bd7 13. Kb1 b5 14. Nxb5 Qb6 15. Na3
Ba4 16. Rc1 Rfc8 17. Nc4 Qd8 18. h5 Rab8 19. Ne2 Bb5 20. Ng3 Ba4 21. b3 Bb5 22.
g5 Ne8 23. hxg6 hxg6 24. Na5 Qb6 25. Bxb5 Qxb5 26. Bxc5 dxc5 27. Nc6 Rb7 28. Qc3
Bf8 29. Nf1 Nd6 30. Ne3 Qe2 31. Rhf1 Nb5 32. Qe1 Qd3+ 33. Ka1 Nd4 34. Nxd4 exd4
35. Ng4 Bg7 36. Nf6+ Kf8 37. Qa5 Rb5 38. Qa6 Rd8 39. Rfd1 Qe2 40. a4 Bxf6 41.
gxf6 Rdb8 42. axb5 Kg8 43. d6 1-0

[Event "Prague International Open"]
[Site "Prague CZE"]
[Date "2019.03.12"]
[Round "5.46"]
[White "Petrova, Kristyna"]
[Black "Malecki, Rafal"]
[Result "1-0"]
[WhiteTitle "WIM"]
[WhiteElo "2240"]
[BlackElo "2068"]
[WhiteFideId "309672"]
[BlackFideId "1108514"]
[EventDate "2019.03.09"]

1. e4 d6 2. d4 Nf6 3. Nc3 g6 4. f4 Bg7 5. Nf3 Bg4 6. h3 Bxf3 7. Qxf3 Nc6 8. Be3
e5 9. fxe5 dxe5 10. d5 Nd4 11. Qf2 O-O 12. Bd3 Nd7 13. O-O-O f5 14. exf5 Nxf5
15. Bxf5 Rxf5 16. Qe2 Qh4 17. g4 Rf7 18. Ne4 Bh6 19. Kb1 Re8 20. Bxh6 Qxh6 21.
h4 Qf4 22. Ng5 Qf2 23. Qc4 Nb6 24. Qb3 Rd7 25. a4 Kh8 26. a5 Nc8 27. Qb5 Red8
28. Rhf1 Qxh4 29. Ne6 c6 30. Qe2 Qe7 31. Nxd8 Rxd8 32. dxc6 Rxd1+ 33. Rxd1 bxc6
34. Qc4 Qf6 35. Rf1 Qd6 36. Qf7 1-0

[Event "Prague International Open"]
[Site "Prague CZE"]
[Date "2019.03.12"]
[Round "5.47"]
[White "Babula, Milan"]
[Black "Kalinowska, Zuzanna"]
[Result "1/2-1/2"]
[WhiteTitle "IM"]
[WhiteElo "2225"]
[BlackElo "2062"]
[WhiteFideId "300632"]
[BlackFideId "1195026"]
[EventDate "2019.03.09"]

1. e4 e6 2. d4 d5 3. Nd2 Nf6 4. e5 Nfd7 5. Bd3 c5 6. c3 Nc6 7. Ne2 cxd4 8. cxd4
f6 9. exf6 Nxf6 10. O-O Bd6 11. Nf3 Qc7 12. Nc3 a6 13. Bg5 O-O 14. Rc1 Qf7 15.
h3 Qh5 16. Qd2 h6 17. Be3 Bd7 18. Rfe1 Rae8 19. Bf4 Ne4 20. Rxe4 dxe4 21. Bxd6
exf3 22. Bxf8 Rxf8 23. Be4 fxg2 24. Bxg2 Kh8 25. Re1 Qh4 26. Re4 Qf6 27. Nd1 Ne7
28. Ne3 Bc6 29. Ng4 Qg6 30. Ne5 Qf6 31. Rg4 Bxg2 32. Kxg2 Rd8 33. Rf4 Nf5 34.
Qc3 Kh7 35. Kg1 Rd5 36. Nf3 Qd8 37. Re4 Qd7 38. Ne5 Qd8 39. Nf3 Qd7 40. a3 Qd6
41. Kg2 Qb6 42. b4 a5 43. Qc8 axb4 44. Rxe6 Rd6 45. Re8 Qc6 46. Qxc6 bxc6 47.
axb4 Nxd4 1/2-1/2

[Event "Prague International Open"]
[Site "Prague CZE"]
[Date "2019.03.12"]
[Round "5.49"]
[White "Kemarsky, Alexander"]
[Black "Vavruska, Antonin"]
[Result "1-0"]
[WhiteElo "2195"]
[BlackElo "2054"]
[WhiteFideId "2814196"]
[BlackFideId "301329"]
[EventDate "2019.03.09"]

1. e4 c5 2. Nf3 e6 3. d4 cxd4 4. Nxd4 Nf6 5. Nc3 Bb4 6. e5 Nd5 7. Bd2 Nxc3 8.
bxc3 Ba5 9. Qg4 O-O 10. Bd3 Nc6 11. Nxc6 dxc6 12. O-O Qe7 13. Rae1 f5 14. exf6
Rxf6 15. Qh4 h6 16. Qe4 Bd7 17. Re3 e5 18. Qh7+ Kf7 19. Rg3 Rg8 20. Bc4+ Be6 21.
Bxe6+ Rxe6 22. Rf3+ 1-0

[Event "Prague International Open"]
[Site "Prague CZE"]
[Date "2019.03.12"]
[Round "5.51"]
[White "Skou, Niels"]
[Black "De Seroux, Camille"]
[Result "0-1"]
[BlackTitle "WFM"]
[WhiteElo "2057"]
[BlackElo "2160"]
[WhiteFideId "1413155"]
[BlackFideId "1305620"]
[EventDate "2019.03.09"]

1. d4 Nf6 2. c4 e6 3. Nc3 Bb4 4. Qc2 O-O 5. Nf3 c5 6. dxc5 Na6 7. g3 Nxc5 8. Bg2
Nce4 9. O-O Nxc3 10. bxc3 Be7 11. e4 d6 12. e5 dxe5 13. Nxe5 Qc7 14. Qe2 Bd6 15.
Bf4 Ne8 16. Rab1 f6 17. c5 Bxe5 18. Bxe5 0-1

[Event "Prague International Open"]
[Site "Prague CZE"]
[Date "2019.03.12"]
[Round "5.53"]
[White "Haase, Pavel"]
[Black "Pacl, Vaclav"]
[Result "1/2-1/2"]
[WhiteTitle "CM"]
[BlackTitle "FM"]
[WhiteElo "2137"]
[BlackElo "2028"]
[WhiteFideId "360392"]
[BlackFideId "302031"]
[EventDate "2019.03.09"]

1. f4 d5 2. b3 Nf6 3. Bb2 g6 4. Nf3 Bg7 5. e3 O-O 6. Be2 b6 7. O-O Bb7 8. d3
Nbd7 9. Ne5 Nxe5 10. fxe5 Nd7 11. d4 e6 12. Bf3 f6 13. exf6 Nxf6 14. c4 Ne4 15.
Bxe4 Rxf1+ 16. Qxf1 dxe4 17. Nc3 Bh6 18. Qe2 Qg5 19. Re1 a6 20. Bc1 Bf8 21. d5
exd5 22. cxd5 Bxd5 23. Nxd5 Qxd5 24. Rd1 Qe6 25. Bb2 Bg7 1/2-1/2

[Event "Prague International Open"]
[Site "Prague CZE"]
[Date "2019.03.12"]
[Round "5.70"]
[White "Kotrba, Tomas"]
[Black "Krueger, Thomas"]
[Result "1-0"]
[WhiteElo "2005"]
[BlackElo "1591"]
[WhiteFideId "302210"]
[BlackFideId "4627970"]
[EventDate "2019.03.09"]

1. d4 Nf6 2. Nf3 e6 3. Bg5 d5 4. Nbd2 Nbd7 5. e3 h6 6. Bf4 Be7 7. Bd3 c5 8. c3
b6 9. Ne5 Bb7 10. Qf3 Nxe5 11. Bxe5 c4 12. Bxc4 dxc4 13. Qxb7 O-O 14. Nxc4 1-0

[Event "Prague International Open"]
[Site "Prague CZE"]
[Date "2019.03.12"]
[Round "5.72"]
[White "Brhlik, Antonin"]
[Black "Vrchotka, Josef"]
[Result "0-1"]
[WhiteElo "1635"]
[BlackElo "1993"]
[WhiteFideId "330809"]
[BlackFideId "318388"]
[EventDate "2019.03.09"]

1. e4 c6 2. d4 d5 3. Nc3 dxe4 4. Nxe4 Nf6 5. Nxf6+ exf6 6. Nf3 Bd6 7. Bd3 O-O 8.
O-O Bg4 9. h3 Bh5 10. Be3 Re8 11. Be2 Nd7 12. Nh4 Bg6 13. Nxg6 hxg6 14. Qd2 Qc7
15. c4 Rad8 16. Kh1 Nf8 17. Qc2 Bf4 18. Qc3 Bxe3 19. fxe3 Qe7 20. Rf3 Ne6 21.
Bd3 Qd6 22. Re1 Ng5 23. Rf4 Rxe3 24. Rg4 Nxh3 25. Rxe3 Nf2+ 26. Kg1 Nxg4 0-1

[Event "Prague International Open"]
[Site "Prague CZE"]
[Date "2019.03.12"]
[Round "5.73"]
[White "Plasil, Petr"]
[Black "Veselsky, Jan"]
[Result "1-0"]
[WhiteElo "1989"]
[BlackElo "1561"]
[WhiteFideId "359360"]
[BlackFideId "303135"]
[EventDate "2019.03.09"]

1. d4 d5 2. c4 e6 3. Nc3 c5 4. cxd5 exd5 5. Nf3 Nf6 6. Bg5 Be6 7. e3 Nc6 8. Be2
Be7 9. dxc5 Bxc5 10. O-O O-O 11. Rc1 Be7 12. Nb5 Rc8 13. Qd3 Re8 14. Nbd4 Qd7
15. Rfd1 h6 16. Bh4 a6 17. Nxc6 Rxc6 18. Ne5 Qc8 19. Nxc6 bxc6 20. Qxa6 1-0

[Event "Prague International Open"]
[Site "Prague CZE"]
[Date "2019.03.12"]
[Round "5.74"]
[White "Vorsilka, Jiri"]
[Black "Docekalova, Alexandra"]
[Result "0-1"]
[WhiteElo "1584"]
[BlackElo "1880"]
[WhiteFideId "365149"]
[BlackFideId "325600"]
[EventDate "2019.03.09"]

1. e4 e6 2. d4 d5 3. Nc3 Nf6 4. Bg5 Be7 5. e5 Nfd7 6. Bxe7 Qxe7 7. f4 a6 8. Qd2
O-O 9. O-O-O c5 10. Nf3 b5 11. g4 Bb7 12. h4 Nb6 13. Qh2 Nc6 14. g5 cxd4 15.
Nxd4 Nxd4 16. Rxd4 Qc5 17. Rd2 d4 18. Ne4 Bxe4 19. Bg2 Bxg2 20. Qxg2 Na4 21. Rd3
Rfc8 22. h5 Nc3 23. Rxc3 dxc3 24. g6 h6 25. gxf7+ Kxf7 26. Qe4 0-1

[Event "Prague International Open"]
[Site "Prague CZE"]
[Date "2019.03.12"]
[Round "5.78"]
[White "Ruzicka, Filip"]
[Black "Pietryk, Joanna"]
[Result "1-0"]
[WhiteElo "1780"]
[BlackElo "1110"]
[WhiteFideId "386154"]
[BlackFideId "21881308"]
[EventDate "2019.03.09"]

1. e4 c5 2. d4 cxd4 3. c3 Nf6 4. e5 Nd5 5. cxd4 Nc6 6. Bc4 Nc7 7. Nf3 e6 8. Nc3
d6 9. O-O Bd7 10. Bg5 Be7 11. exd6 Bxg5 12. dxc7 Qe7 13. d5 exd5 14. Re1 Be6 15.
Nxd5 Qc5 16. Nxg5 Qxc4 17. Nxe6 fxe6 18. Rxe6+ Kf7 19. Re3 Rhf8 20. Qh5+ Kg8 1-0

[Event "Prague International Open"]
[Site "Prague CZE"]
[Date "2019.03.12"]
[Round "5.83"]
[White "Hacaperka, Michal"]
[Black "Tesar, Jakub"]
[Result "1-0"]
[WhiteElo "1901"]
[BlackElo "1409"]
[WhiteFideId "323365"]
[BlackFideId "23718730"]
[EventDate "2019.03.09"]

1. e4 c5 2. Nc3 d6 3. f4 Nc6 4. Nf3 g6 5. Bb5 Bd7 6. Bxc6 Bxc6 7. d3 Bg7 8. O-O
Nf6 9. Qe1 Nd7 10. b3 O-O 11. Bb2 Rc8 12. Nd1 Bxb2 13. Nxb2 b5 14. c4 b4 15. Qh4
Kg7 16. g4 e6 17. g5 f5 18. Rae1 Re8 19. Re3 Qa5 20. Ra1 Re7 21. Qe1 Rce8 22.
exf5 Bxf3 23. f6+ Kf7 24. fxe7 1-0

[Event "Prague International Open"]
[Site "Prague CZE"]
[Date "2019.03.13"]
[Round "6.1"]
[White "Stefansson, Hannes"]
[Black "Zubov, Alexander"]
[Result "1/2-1/2"]
[WhiteTitle "GM"]
[BlackTitle "GM"]
[WhiteElo "2523"]
[BlackElo "2605"]
[WhiteFideId "2300087"]
[BlackFideId "14109409"]
[EventDate "2019.03.09"]

1. d4 Nf6 2. c4 g6 3. g3 c6 4. Bg2 d5 5. e3 dxc4 6. Nd2 e5 7. dxe5 Ng4 8. Ngf3
Bg7 9. O-O O-O 10. h3 Nxe5 11. Nxe5 Bxe5 12. Nxc4 Bg7 1/2-1/2

[Event "Prague International Open"]
[Site "Prague CZE"]
[Date "2019.03.13"]
[Round "6.2"]
[White "Kriebel, Tadeas"]
[Black "Sivuk, Vitaly"]
[Result "1/2-1/2"]
[WhiteTitle "IM"]
[BlackTitle "GM"]
[WhiteElo "2507"]
[BlackElo "2514"]
[WhiteFideId "330027"]
[BlackFideId "14116502"]
[EventDate "2019.03.09"]

1. e4 c6 2. d4 d5 3. e5 c5 4. Nf3 e6 5. c3 Bd7 6. Be2 Nc6 7. O-O Rc8 8. a3 a6 9.
dxc5 Bxc5 10. b4 Ba7 11. c4 Nge7 12. Nc3 O-O 13. cxd5 exd5 14. Nxd5 Bg4 15.
Nxe7+ Qxe7 16. Bg5 Qe6 17. Nd4 Bxe2 18. Nxe6 Bxd1 19. Nxf8 Bg4 20. h3 Bf5 21. g4
Bd3 22. Rfd1 Bc2 23. Nd7 Bxd1 24. Rxd1 Bd4 25. Kg2 Bxe5 26. Nb6 Rf8 27. Be3 f5
28. Nd7 Rf7 29. Nxe5 Nxe5 30. Rd8+ Rf8 31. Rd5 Ng6 32. Bd2 fxg4 33. hxg4 Nf4+
34. Bxf4 Rxf4 35. Kg3 Rc4 36. Rd8+ Kf7 37. Rd7+ Kg8 38. f3 b5 39. Ra7 Rc6 40. g5
h6 41. Kg4 hxg5 42. Kxg5 Rc3 43. Rxa6 Rxf3 44. Ra5 Kh7 45. Kg4 Rc3 46. Kf5 Kh6
47. Rxb5 Rxa3 48. Rb8 g6+ 49. Kf4 g5+ 50. Kg4 Kg6 51. Rb6+ Kf7 52. Kxg5 Ke7 53.
Kf5 Kd7 54. Ke5 Kc7 55. Rb5 Kc6 56. Rc5+ Kb6 57. Ra5 Rxa5+ 58. bxa5+ Kxa5 1/2-1/2

[Event "Prague International Open"]
[Site "Prague CZE"]
[Date "2019.03.13"]
[Round "6.3"]
[White "Bernadskiy, Vitaliy"]
[Black "Salimova, Nurgyul"]
[Result "1/2-1/2"]
[WhiteTitle "GM"]
[BlackTitle "FM"]
[WhiteElo "2581"]
[BlackElo "2414"]
[WhiteFideId "14100371"]
[BlackFideId "2915138"]
[EventDate "2019.03.09"]

1. c4 e6 2. Nc3 d5 3. d4 c6 4. e3 Nf6 5. Bd3 Nbd7 6. Nge2 Bd6 7. c5 Bc7 8. f4 b6
9. b4 a5 10. b5 bxc5 11. bxc6 Nb8 12. dxc5 O-O 13. Nd4 e5 14. fxe5 Bxe5 15. O-O
Na6 16. Na4 Bg4 17. Qe1 Nb4 18. Bb1 Ne4 19. a3 Na6 20. Bb2 Naxc5 21. Nxc5 Nxc5
22. h3 Bc8 23. Ne6 Nxe6 24. Bxe5 Ba6 25. Rf5 f6 26. Bc3 Qe8 27. Bxa5 Qxc6 28.
Bb4 Rfe8 29. Ba2 Rad8 30. Rc1 Qa8 31. Qg3 Kh8 32. Bb1 Rc8 33. Rd1 d4 34. Ra5 Qb7
35. Qh4 h6 36. Qh5 Ng5 37. Rxd4 Rc1+ 38. Kh2 Qb8+ 39. Bd6 Qxb1 40. Qxe8+ Kh7 41.
Rxg5 Rh1+ 42. Kg3 Qe1+ 43. Kg4 Be2+ 44. Kf5 Qa5+ 45. Ke6 Qxg5 46. Bf4 Qxg2 47.
Ke7 Rb1 48. Kf8 Bb5 49. Qe7 Rc1 50. Rd8 Bc4 51. h4 Rb1 52. e4 Rf1 53. Qc7 Be6
54. Bg3 Kg6 55. Qxg7+ Kh5 56. Qe7 Qxe4 57. Re8 Rf3 58. Qd6 Re3 59. Bf4 Re2 60.
a4 Qxa4 61. Qc5+ 1/2-1/2

[Event "Prague International Open"]
[Site "Prague CZE"]
[Date "2019.03.13"]
[Round "6.4"]
[White "Popovic, Dusan"]
[Black "Plischki, Sebastian"]
[Result "1-0"]
[WhiteTitle "GM"]
[BlackTitle "IM"]
[WhiteElo "2511"]
[BlackElo "2397"]
[WhiteFideId "927031"]
[BlackFideId "4637143"]
[EventDate "2019.03.09"]

1. e4 Nf6 2. e5 Nd5 3. d4 d6 4. Nf3 g6 5. Bc4 Nb6 6. Bb3 Bg7 7. O-O O-O 8. Re1
Nc6 9. exd6 cxd6 10. c3 Bf5 11. a4 a6 12. Bg5 d5 13. Nbd2 f6 14. Bf4 Na5 15. Ba2
Rc8 16. Qe2 Re8 17. b4 Nac4 18. a5 Nxd2 19. axb6 Nxf3+ 20. Qxf3 e6 21. Bc7 Qd7
22. Bb3 Qb5 23. c4 dxc4 24. Ba4 Qxb4 25. Bxe8 Rxe8 26. Qxb7 c3 27. Qc6 Kf7 28.
Bd6 Qb5 29. Qxb5 axb5 30. Ra7+ 1-0

[Event "Prague International Open"]
[Site "Prague CZE"]
[Date "2019.03.13"]
[Round "6.5"]
[White "Rakotomaharo, Fy Antenaina"]
[Black "Stany, G.A."]
[Result "0-1"]
[WhiteTitle "IM"]
[BlackTitle "IM"]
[WhiteElo "2409"]
[BlackElo "2507"]
[WhiteFideId "13100050"]
[BlackFideId "5029104"]
[EventDate "2019.03.09"]

1. d4 Nf6 2. c4 e6 3. Nc3 Bb4 4. e3 b6 5. Ne2 c5 6. a3 Ba5 7. Rb1 Na6 8. Ng3 Bb7
9. f3 O-O 10. Bd3 d5 11. O-O Bxc3 12. bxc3 Rc8 13. cxd5 Nxd5 14. Ne2 cxd4 15.
cxd4 Nb8 16. Rb3 Nc6 17. e4 Nxd4 18. exd5 Nxb3 19. Qxb3 Qxd5 20. Qb1 Qc5+ 21.
Kh1 h6 22. Bb2 Rfd8 23. Ng3 Rd7 24. Rc1 Qa5 25. Bc2 Qd2 26. Bh7+ Kh8 27. Rg1 f5
28. Nxf5 Kxh7 29. Nxg7+ Qc2 30. Nxe6 Rd2 31. Be5 Qxb1 32. Rxb1 Re2 0-1

[Event "Prague International Open"]
[Site "Prague CZE"]
[Date "2019.03.13"]
[Round "6.6"]
[White "Dong, Bao Nghia"]
[Black "Gasanov, Eldar"]
[Result "0-1"]
[BlackTitle "GM"]
[WhiteElo "2180"]
[BlackElo "2500"]
[WhiteFideId "12400343"]
[BlackFideId "14104466"]
[EventDate "2019.03.09"]

1. d4 d6 2. Nf3 g6 3. Bf4 Bg7 4. c3 Nd7 5. e4 e5 6. dxe5 dxe5 7. Bg5 Ngf6 8. Bc4
h6 9. Bxf6 Qxf6 10. Na3 Nc5 11. Nd2 O-O 12. b4 Ne6 13. g3 a5 14. Nc2 axb4 15.
cxb4 Rd8 16. Qf3 Qe7 17. h4 h5 18. Nb3 Nd4 19. Nbxd4 exd4 20. Qd3 Be6 21. Bxe6
Qxe6 22. O-O Rxa2 23. Rxa2 Qxa2 24. f4 Qb2 25. e5 Qc3 26. Rd1 Qxd3 27. Rxd3 f6
28. exf6 Bxf6 29. Kf2 Kf7 30. Kf3 Ke6 31. Ke4 Re8 32. Ra3 Kd7+ 33. Kd3 Re6 34.
Ra8 Rc6 35. Rf8 Rc3+ 36. Kd2 Ke6 37. Rc8 Kd7 38. Rf8 Ke6 39. Rc8 c6 40. Rc7 b5
41. Ne1 Bd8 42. Rc8 Kd7 43. Ra8 Rxg3 44. Nd3 Rg2+ 45. Kd1 Bxh4 46. Ne5+ Kd6 47.
Ra6 Kd5 48. Rxc6 g5 49. Rc5+ Ke4 50. f5 d3 51. Nf3 Kxf3 52. f6 Ke4 53. f7 Rg1+ 0-1